| 000 | 00645 a2200229 4500 | ||
|---|---|---|---|
| 260 | _aParis | ||
| 630 | _a58 - Botanique | ||
| 037 | _b1, Achat | ||
| 650 | _a5 - SCIENCES EXACTES ET NATURELLES | ||
| 100 | _aDeysson, Guy | ||
| 260 | _bSociété d'Edition d'Enseignement Supérieur | ||
| 245 | _aCours de botanique générale : tome II, Organisation et classification des plantes vasculaires : deuxième partie, Systématique | ||
| 300 | _a434 p. | ||
| 650 | _aBiologie végétale | ||
| 260 | _c1967 | ||
| 300 | _b24cm | ||
| 100 | _lFr | ||
| 440 | _aCours de Botanique Générale | ||
| 037 | _a3296 | ||
| 999 |
_c41688 _d41688 |
||